01091nam a22003257a 4500003000500000005001700005008004100022010001000063011001000073035001000083040000900093082001700102100003500119245010100154260004600255300001100301490001300312590004100325590004100366590004100407590004200448650002300490700002500513830002000538901000700558942001000565949005500575999001700630952011800647CHAP20220329134430.0971013s1944 r 00010 d a20411 a21383 a25473 cCHAP a595.772bD6200aDobzhansky, Theodosius.933148 aContribution to the genetics, taxonomy and ecology of drosophila pseudoobscura and its relatives aWashington :bCarnegei Institution,c1944 a183 p. aPub. 554 aBATCH-UPDb10c20130109lUCH01h2338 aBATCH-UPDb10c20130110lUCH01h0230 aBATCH-UPDb10c20130110lUCH01h2237 aCONVERSIONb10c20130109lUCH01h131214aDrosophila.9342550 aEpling, Carl.9372360 aPub. 554992659 aBK cLIBRO a595.772 D62bBCcBPAd-58707eBPAh27148i25473si c20411d20411 01104053708MDaBCbBCd2019-12-31fLIBROi127l0o595.772 D62p-58707r2019-12-31 00:00:00w2019-12-31yLIBRO